Do These Real Madrid Players Have A Spanish Citizenship? - Statistics

General Stats
  • This quiz has been taken 30 times
  • The average score is 4 of 23
Answers on the Grid
Answers color-coded by a green-red scale on the quiz's grid according to % correct below.
Dean Huijsen
Kylian Mbappé
Vinicius Junior
Jude Bellingham
Rodrygo
Trent Alexander-Arnold
Arda Güler
Raúl Asencio
Endrick
Federico Valverde
Thibaut Courtois
Eduardo Camavinga
Antonio Rüdiger
Dani Carvajal
Jacobo Ramón
Brahim Díaz
Lucas Vásquez
David Alaba
Fran González
Dani Ceballos
Aurélien Tchouaméni
Fran García
Jesús Vallejo
Andriy Lunin
Ferland Mendy
Victor Muñoz
Éder Militão
Gonzalo García
Youssef Enriquez Lekhedim
Franco Mastantuono
Joan Martínez
Victor Valdepeñas
Mario Rivas
Sergio Mestre
Diego Aguado
Chema Andrés
Lorenzo Aguado
Daniel Yáñez
Pol Fortuny
Hugo de Llanos
David Jiménez
 
Answer Stats
Answer % Correct
Dean Huijsen
81%
Dani Carvajal
56%
Raúl Asencio
56%
Vinicius Junior
38%
Jacobo Ramón
31%
Lucas Vásquez
31%
Rodrygo
31%
Dani Ceballos
25%
Fran González
25%
Fran García
6%
Gonzalo García
6%
Jesús Vallejo
6%
Chema Andrés
0%
Daniel Yáñez
0%
David Alaba
0%
Éder Militão
0%
Hugo de Llanos
0%
Lorenzo Aguado
0%
Mario Rivas
0%
Pol Fortuny
0%
Sergio Mestre
0%
Victor Muñoz
0%
Victor Valdepeñas
0%
No matching quizzes found
Score Distribution
Percent of People with Each Score
Percentile by Number Answered
Your Score History
You have not taken this quiz